000 00627nam a2200205Ia 4500
003 OSt
005 20250808114526.0
020 _a0-07-232204-7
040 _cLC
050 _aTK 5105 .F67 2001
_b1
100 _aFOROUZAN, BEHROUZ A
245 0 _aDATA COMMUNICATION AND NETWORKING
250 _a2
260 _aBOSTON,
_bMcGRAW- HILL HIGHER EDUCATION,
_c2001,
300 _aXXXii, 908 P, ILL
500 _aINCLUDES BIBLIOGRAPHICAL REFERENCES AND INDEX
650 _a Computer Communication Networks, Computer networks, Data transmission systems
700 _aCOOMBS CATHERINE, FEGAN SOPHIA CHUNG
942 _cBK
_2lcc
_n0
999 _c204630
_d204630